• 首页
  • 本馆介绍
  • 公告通知
  • 最新文献
  • 馆藏检索
  • 电子资源
  • 读者导购
  • 参考咨询
  • 我的图书馆
  • 登录
  • 详细信息显示
  • 放入我的书架
  • 预约/预借图书
  • 作者相关作品
  • 分类相关作品
  • 丛书相关作品
  • 出版社相关作品

书目信息

  • 表格格式
  • 工作单格式
  • 卡片格式
题名:
名人传
    
 
作者: 罗曼·罗兰 著 ;陈筱卿 译
分册:  
出版信息: 北京   北京燕山出版社  2001.01
页数: 373页
开本: 32开
丛书名: 世界文学文库
单 册:
中图分类: I565.45
科图分类:
主题词: 文学
电子资源:
ISBN: 7-5402-1365-5
000 00661nam0 2200229 45
001 0206281052
005 20020628102943.8
010    @a7-5402-1365-5@d15.00元
100    @a20020628d2001 km y0chiy0120 ea
101 0  @achi
105    @a z 000yy
200 1  @a名人传@AMing Ren Chuan@f(法)罗曼·罗兰著@F(Fa)Luo Man·Luo Lan Zhu@g陈筱卿译
210    @a北京@c北京燕山出版社@d2001.01
215    @a373页@d32开
225    @a世界文学文库
410    @12001 @a世界文学文库
606 0  @a文学
690    @aI565.45@v3
701  0 @a罗曼·罗兰@4著
702  0 @a陈筱卿@AChen Xiao Qing@4译
801    @aCN@bPftUser@c20020628
905    @aBZT@b341895-897@dI565.45@e1@f3
    
    名人传/(法)罗曼·罗兰著/陈筱卿译.-北京:北京燕山出版社,2001.01
    373页;32开.-(世界文学文库)
    
    
    ISBN 7-5402-1365-5:15.00元
    
●
相关链接 在五车中查询图书 在当当中查询图书 在豆瓣中查询图书


正题名:名人传     索取号:I565.45/1         预约/预借

序号 登录号 条形码 馆藏地/架位号 状态 备注
1 341895   201402776   中心书库中库/打包BH0142/ [索取号:I565.45/1] 在馆    
2 341896   201402838   中心书库中库/打包BH0214/ [索取号:I565.45/1] 在馆    
山东省滨州职业学院图书馆 欢迎您!
大连网信软件有限公司© 版权所有